| Tag |
First Indicator |
Second Indicator |
Subfields |
| LEADER |
00000cam a2200000 i 4500 |
| 001 |
in00004819087 |
| 008 |
730411s1949 nyu b 001 0beng d |
| 005 |
20240808230422.9 |
| 035 |
|
|
|a (OCoLC)ocm00601970
|
| 040 |
|
|
|a WAL
|b eng
|e rda
|c WAL
|d OCL
|d OCLCG
|d OCLCQ
|d OCLCF
|d AKP
|d OCLCO
|d NTE
|d OCLCQ
|d OCLCL
|d OCLCQ
|
| 035 |
|
|
|a (OCoLC)00601970
|
| 050 |
|
4 |
|a DA554
|b .S87
|
| 082 |
1 |
4 |
|a 942.081
|b St81q
|
| 049 |
|
|
|a MAIN
|
| 100 |
1 |
|
|a Strachey, Lytton,
|d 1880-1932.
|1 https://id.oclc.org/worldcat/entity/E39PBJdGQ9mVqbYFQTVT6PcVmd
|0 http://id.loc.gov/authorities/names/n79135291,
|e author
|
| 245 |
1 |
0 |
|a Queen Victoria /
|c Lytton Strachey.
|
| 264 |
|
1 |
|a New York :
|b Harcourt, Brace and World, Incorporated,
|c [1949]
|
| 264 |
|
4 |
|c ©1949
|
| 300 |
|
|
|a vii, 311 pages
|c 18 cm
|
| 336 |
|
|
|a text
|b txt
|2 rdacontent
|
| 337 |
|
|
|a unmediated
|b n
|2 rdamedia
|
| 338 |
|
|
|a volume
|b nc
|2 rdacarrier
|
| 490 |
0 |
|
|a Harbrace paperback library ;
|v 7
|
| 504 |
|
|
|a Includes bibliographical references (pages 299-303) and index.
|
| 590 |
|
|
|b TAG Physical Holdings 2
|
| 600 |
0 |
0 |
|a Victoria,
|c Queen of Great Britain,
|d 1819-1901.
|0 http://id.loc.gov/authorities/names/n79017983
|
| 600 |
0 |
7 |
|a Victoria,
|c Queen of Great Britain,
|d 1819-1901.
|2 fast
|0 (OCoLC)fst00031183
|1 https://id.oclc.org/worldcat/entity/E39PBJyRF6cQXgPKkCTxp46dwC
|
| 994 |
|
|
|a 92
|b TAG
|
| 852 |
|
|
|a TAG
|b TAGC
|c galv,stk
|h DA554 .S7 1949
|t c.1
|
| 876 |
|
|
|p 33620000389565
|v unmediated -- volume
|
| 999 |
f |
f |
|s b247c831-1616-4e84-9ebb-d13707d5c19d
|i 46a35d75-9ac4-41fc-bb21-973f43548928
|t 0
|
| 952 |
f |
f |
|p normal
|a Texas A&M University
|b Galveston Campus
|c Jack K. Williams Library
|d Galveston Stacks
|t 0
|e DA554 .S7 1949
|h Library of Congress classification
|i unmediated -- volume
|m 33620000389565
|
| 998 |
f |
f |
|a DA554 .S7 1949
|t 0
|l Galveston Stacks
|